Statistics for Dobby's Last Words In Harry Potter

Click here to take the quiz!

General Stats

  • This quiz has been taken 410 times
    (407 since last reset)
  • The average score is 11 of 18

Answer Stats

Answer% Correct
Harry
96%
Potter
94%
dobby
73%
friend
73%
a
71%
is
67%
to
63%
be
62%
with
60%
happy
52%
his
48%
friends
38%
Place
36%
Beautiful
33%
Such
30%

Score Distribution

Percentile by Number Answered

Percent of People with Each Score

Your Score History

You have not taken this quiz since the last reset